00655nam a22001697a 4500003000400000005001700004008004100021040001800062100003700080245019800117260001700315650006300332650002300395650002500418700002300443856001900466OSt20240528105324.0240523b ||||| |||| 00| 0 eng d cAIMIT LIBRARY aPereira, Flanny Carmel.e2016045 aStudy on safety and health measures towards the welfare of construction site employees with reference to nirmal estates quepem Goa /cBy Flanny Carmel Pereira ; Guided by Flanny Carmel Pereira. aGoa ;c2022. aIndustry profile company profile and introduction to study aLiterature review  aResearch methodology aHarinakshi.eGuide 3Nirmal Estates